000 00342nam a2200145Ia 4500
008 100122s9999 xx 000 0 und d
082 _b29605
_a823
100 _aDRURY A
245 _aADVISE AND CONSENT
260 _bPOCKET BOOKS
_c1959
300 _a760
630 _aADVISE AND CONSENT
730 _aADVISE AND CONSENT
942 _cBOOK
999 _c369431
_d369428